000 00835nam a2200253 i 4500
001 180176
003 ES-MaACL
005 20230928183503.0
008 120511s2010 sp |||| | spa d
020 _a978-84-339-7539-3
080 _a821.133.1-31"19"
100 1 _aMichon, Pierre.
_9149990
245 1 4 _aLos Once /
_cPierre Michon ; traducción de María Teresa Gallego Urrutia.
250 _a1ª ed.
260 _aBarcelona :
_bAnagrama,
_c2010.
300 _a137 p. ;
_c22 cm.
490 1 _aPanorama de narrativas ;
_v758
586 8 _aGran Premio de Novela de la Academia Francesa
700 1 _aGallego Urrutia, María Teresa.
_953590
830 1 0 _aPanorama de narrativas
_v758
_9123642
852 _aES-MaACL
_jA-12086
_9187086
_bR.146856
_cDEPO1
_dOlim: N-5091
942 _2udc
_cMONOGRAFIA
999 _c180176
_d180176